| 000 | 00633nam a22002297a 4500 | ||
|---|---|---|---|
| 001 | 38041 | ||
| 003 | BD-RjUL | ||
| 005 | 20211209052718.0 | ||
| 008 | 150830s1970 ii ||||| |||| 001 0 eng d | ||
| 035 | _a(BD-RjUL)38146 | ||
| 040 |
_aBD-RjUL _beng _cBD-RjUL |
||
| 041 | _aeng | ||
| 082 | 0 | 0 |
_219 _a541 _bRAP 1970 |
| 100 | 1 |
_aRakshit, P. C. _930743 |
|
| 245 | 1 | 0 |
_aPhysical chemistry / _cby P. C. Rakshit. |
| 250 | _a2nd ed. | ||
| 260 |
_aCalcutta : _bScience Book Agency, _c1970. |
||
| 300 |
_a763 p. : _bill.; _c24 cm. |
||
| 504 | _aIncludes index. | ||
| 650 | 0 |
_aChemistry, Physical and theoretical. _930744 |
|
| 942 |
_2ddc _cBK _02 |
||
| 999 |
_c38041 _d38041 |
||